000 00401nam a2200145Ia 4500
008 230917s9999||||xx |||||||||||||| ||und||
040 _e74112
_aMAIN
041 _aEnglish
082 _a332.46 K189D
100 _aKapila, Raj, ed.
245 0 _aDecade of economic reforms in India: The past, present and future
260 _aNew Delhi
_bAcademic Foundation
_c2002
300 _a408 p.
942 _cBK
999 _c112584
_d112584